[Event "White Rook U14 Final 2019"]
[Site "Sochi"]
[Date "2019.06.06"]
[Round "4.23"]
[White "Hrbek, Jachym"]
[Black "Abubekerov, Iliya"]
[Result "1-0"]
[WhiteElo "1394"]
[BlackElo "1199"]
[Annotator "NA RC"]
[PlyCount "169"]
[EventDate "2019.06.02"]
[EventCountry "RUS"]
[SourceTitle "playchess.com"]
[Source "ChessBase"]
[SourceQuality "1"]
[TimeControl "5400+30"]

1. Nf3 {[%emt 0:00:00]} d5 {[%emt 0:00:00]} 2. g3 {[%emt 0:00:00]} Nf6 {[%emt 0:00:00]} 3. Bg2 {[%emt 0:00:34]} e6 {[%emt 0:00:00]} 4. d3 {[%emt 0:02:32]} c5 {[%emt 0:00:00]} 5. O-O {[%emt 0:01:51]} Nc6 {[%emt 0:00:00]} 6. Nbd2 {[%emt 0:02:54]} Be7 {[%emt 0:00:09]} 7. c4 {[%emt 0:01:36]} O-O {[%emt 0:00:15]} 8. b3 {[%emt 0:02:12]} d4 {[%emt 0:01:04]} 9. Bb2 {[%emt 0:01:47]} e5 {[%emt 0:00:09]} 10. Re1 {[%emt 0:05:56]} Bf5 {[%emt 0:00:18]} 11. h3 {[%emt 0:03:19]} h5 {[%emt 0:01:44]} 12. Qc2 {[%emt 0:01:00]} Nb4 {[%emt 0:00:30]} 13. Qb1 {[%emt 0:02:06]} Nc6 {[%emt 0:01:38]} 14. e3 {[%emt 0:06:18]} Qd7 {[%emt 0:01:45]} 15. exd4 {[%emt 0:02:56]} exd4 {[%emt 0:00:13]} 16. Kh2 {[%emt 0:02:09]} Nb4 {[%emt 0:00:07]} 17. Ne5 {[%emt 0:01:12]} Qc7 {[%emt 0:00:31]} 18. a3 {[%emt 0:00:37]} Nc6 {[%emt 0:00:23]} 19. Nxc6 {[%emt 0:00:37]} bxc6 {[%emt 0:00:05]} 20. Bxc6 {[%emt 0:00:30]} Qxc6 {[%emt 0:00:20]} 21. Rxe7 {[%emt 0:01:24]} Be6 {[%emt 0:00:39]} 22. b4 {[%emt 0:01:23]} Rfb8 {[%emt 0:00:29]} 23. Qh1 {[%emt 0:01:09]} Qc8 {[%emt 0:01:50]} 24. Ne4 {[%emt 0:08:26]} Kf8 {[%emt 0:01:54]} 25. Rxe6 {[%emt 0:00:16]} fxe6 {[%emt 0:01:43]} 26. Nxc5 {[%emt 0:00:44]} e5 {[%emt 0:00:38]} 27. Qf3 {[%emt 0:02:56]} a5 {[%emt 0:01:22]} 28. Re1 {[%emt 0:03:01]} axb4 {[%emt 0:01:53]} 29. Rxe5 {[%emt 0:00:24]} Kg8 {[%emt 0:02:19]} 30. axb4 {[%emt 0:01:02]} Qd8 {[%emt 0:07:22]} 31. b5 {[%emt 0:00:48]} Qd6 {[%emt 0:01:20]} 32. Qf4 {[%emt 0:01:08]} Rf8 {[%emt 0:01:37]} 33. Qxd4 {[%emt 0:01:09]} Qxd4 {[%emt 0:00:44]} 34. Bxd4 {[%emt 0:00:00]} Rf7 {[%emt 0:03:43]} 35. Kg2 {[%emt 0:01:01]} Nd7 {[%emt 0:00:47]} 36. Rxh5 {[%emt 0:00:46]} Nxc5 {[%emt 0:00:04]} 37. Rxc5 {[%emt 0:00:30]} Ra3 {[%emt 0:01:12]} 38. b6 {[%emt 0:03:03]} Rxd3 {[%emt 0:01:44]} 39. Be5 {[%emt 0:00:29]} Rdf3 {[%emt 0:04:14]} 40. Bf4 {[%emt 0:00:38]} Rb3 {[%emt 0:01:58]} 41. Rc8+ {[%emt 0:01:10]} Kh7 {[%emt 0:00:14]} 42. c5 {[%emt 0:00:13]} Rb2 {[%emt 0:03:45]} 43. Rb8 {[%emt 0:01:16]} g5 {[%emt 0:00:13]} 44. Be3 {[%emt 0:00:03]} Re7 {[%emt 0:08:35]} 45. c6 {[%emt 0:00:45]} Rxe3 {[%emt 0:00:47]} 46. c7 {[%emt 0:00:27]} Ree2 {[%emt 0:00:01]} 47. Rh8+ {[%emt 0:01:45]} Kg7 {[%emt 0:01:14]} 48. Rf8 {[%emt 0:00:37]} Rec2 {[%emt 0:00:00]} 49. c8=Q {[%emt 0:01:11]} Rxc8 {[%emt 0:00:00]} 50. Rxc8 {[%emt 0:00:05]} Rxb6 {[%emt 0:00:00]} 51. Rc5 {[%emt 0:00:31]} Kg6 {[%emt 0:00:01]} 52. g4 {[%emt 0:00:39]} Rb4 {[%emt 0:01:17]} 53. Rf5 {[%emt 0:01:36]} Rd4 {[%emt 0:00:09]} 54. Kg3 {[%emt 0:00:00]} Rd3+ {[%emt 0:00:16]} 55. f3 {[%emt 0:00:58]} Rd1 {[%emt 0:00:21]} 56. Re5 {[%emt 0:04:45]} Rd6 {[%emt 0:00:38]} 57. h4 {[%emt 0:00:05]} gxh4+ {[%emt 0:00:24]} 58. Kxh4 {[%emt 0:00:06]} Rd8 {[%emt 0:00:05]} 59. Kg3 {[%emt 0:00:56]} Rd6 {[%emt 0:01:45]} 60. Kf4 {[%emt 0:01:00]} Rd4+ {[%emt 0:00:00]} 61. Re4 {[%emt 0:00:04]} Rd6 {[%emt 0:00:00]} 62. Ke5 {[%emt 0:00:27]} Rd8 {[%emt 0:00:00]} 63. f4 {[%emt 0:01:47]} Re8+ {[%emt 0:00:00]} 64. Kd4 {[%emt 0:00:21]} Rd8+ {[%emt 0:00:11]} 65. Ke3 {[%emt 0:00:00]} Ra8 {[%emt 0:00:03]} 66. Re6+ {[%emt 0:00:55]} Kf7 {[%emt 0:00:05]} 67. f5 {[%emt 0:00:00]} Ra1 {[%emt 0:00:42]} 68. Kf4 {[%emt 0:00:10]} Ra4+ {[%emt 0:00:16]} 69. Kg5 {[%emt 0:00:05]} Ra8 {[%emt 0:00:00]} 70. Rf6+ {[%emt 0:00:33]} Kg7 {[%emt 0:00:45]} 71. Rg6+ {[%emt 0:00:46]} Kf7 {[%emt 0:00:07]} 72. Re6 {[%emt 0:01:38]} Rg8+ {[%emt 0:00:41]} 73. Kf4 {[%emt 0:00:00]} Ra8 {[%emt 0:00:00]} 74. g5 {[%emt 0:00:00]} Ra4+ {[%emt 0:00:00]} 75. Re4 {[%emt 0:00:02]} Ra1 {[%emt 0:00:00]} 76. g6+ {[%emt 0:00:47]} Kf6 {[%emt 0:00:30]} 77. Re6+ {[%emt 0:00:00]} Kg7 {[%emt 0:00:03]} 78. Re7+ {[%emt 0:00:00]} Kf8 {[%emt 0:00:13]} 79. Rf7+ {[%emt 0:01:42]} Kg8 {[%emt 0:00:08]} 80. Kg5 {[%emt 0:00:28]} Rg1+ {[%emt 0:00:18]} 81. Kf6 {[%emt 0:00:09]} Rf1 {[%emt 0:00:10]} 82. Re7 {[%emt 0:00:53]} Kf8 {[%emt 0:01:02]} 83. g7+ {[%emt 0:00:03]} Kg8 {[%emt 0:00:04]} 84. Re8+ {[%emt 0:00:13]} Kh7 {[%emt 0:00:03]} 85. Rh8# {[%emt 0:00:10]} 1-0

[Event "White Rook U14 Final 2019"]
[Site "Sochi"]
[Date "2019.06.06"]
[Round "4.24"]
[White "Kulish, Glafira"]
[Black "Hrbkova, Johana"]
[Result "1/2-1/2"]
[WhiteElo "1379"]
[BlackElo "1085"]
[Annotator "NA RC"]
[PlyCount "149"]
[EventDate "2019.06.02"]
[EventCountry "RUS"]
[SourceTitle "playchess.com"]
[Source "ChessBase"]
[SourceQuality "1"]
[TimeControl "5400+30"]

1. d4 {[%emt 0:00:00]} d5 {[%emt 0:00:00]} 2. c4 {[%emt 0:00:00]} dxc4 {[%emt 0:00:00]} 3. Nf3 {[%emt 0:00:00]} Nf6 {[%emt 0:00:01]} 4. e3 {[%emt 0:00:00]} e6 {[%emt 0:01:05]} 5. Bxc4 {[%emt 0:00:23]} Be7 {[%emt 0:01:50]} 6. O-O {[%emt 0:00:33]} c5 {[%emt 0:04:00]} 7. dxc5 {[%emt 0:00:20]} Qxd1 {[%emt 0:04:58]} 8. Rxd1 {[%emt 0:00:40]} Bxc5 {[%emt 0:00:36]} 9. Bd2 {[%emt 0:04:04]} Nbd7 {[%emt 0:04:42]} 10. Ne1 {[%emt 0:02:10]} b6 {[%emt 0:01:53]} 11. Nd3 {[%emt 0:00:24]} Bb7 {[%emt 0:05:56]} 12. Nc3 {[%emt 0:02:13]} O-O {[%emt 0:02:16]} 13. Nxc5 {[%emt 0:03:09]} Nxc5 {[%emt 0:01:04]} 14. b4 {[%emt 0:05:09]} Nce4 {[%emt 0:02:22]} 15. Nxe4 {[%emt 0:01:11]} Nxe4 {[%emt 0:01:24]} 16. f3 {[%emt 0:00:59]} Nd6 {[%emt 0:06:33]} 17. Bb3 {[%emt 0:01:40]} Rac8 {[%emt 0:05:38]} 18. a4 {[%emt 0:02:56]} a6 {[%emt 0:04:09]} 19. b5 {[%emt 0:02:06]} axb5 {[%emt 0:02:51]} 20. Bb4 {[%emt 0:00:39]} Nc4 {[%emt 0:14:02]} 21. Bxf8 {[%emt 0:01:22]} Kxf8 {[%emt 0:01:35]} 22. e4 {[%emt 0:01:30]} bxa4 {[%emt 0:00:32]} 23. Bxa4 {[%emt 0:00:35]} f5 {[%emt 0:04:17]} 24. Bb3 {[%emt 0:02:35]} fxe4 {[%emt 0:05:01]} 25. Rac1 {[%emt 0:02:21]} b5 {[%emt 0:04:38]} 26. fxe4 {[%emt 0:02:45]} Bxe4 {[%emt 0:02:36]} 27. Rd4 {[%emt 0:04:23]} Bd5 {[%emt 0:00:37]} 28. Bxc4 {[%emt 0:03:05]} bxc4 {[%emt 0:00:42]} 29. Rg4 {[%emt 0:08:59]} c3 {[%emt 0:01:13]} 30. Kf2 {[%emt 0:04:35]} c2 {[%emt 0:01:07]} 31. Ke3 {[%emt 0:00:50]} Bb3 {[%emt 0:02:00]} 32. Rf4+ {[%emt 0:01:11]} Ke7 {[%emt 0:03:01]} 33. Rf2 {[%emt 0:02:37]} Rd8 {[%emt 0:00:24]} 34. Rd2 {[%emt 0:06:34]} Rb8 {[%emt 0:02:09]} 35. Rd3 {[%emt 0:00:37]} Ba4 {[%emt 0:01:36]} 36. Rc3 {[%emt 0:01:13]} Rb1 {[%emt 0:00:33]} 37. R3xc2 {[%emt 0:04:03]} Bxc2 {[%emt 0:00:15]} 38. Rxc2 {[%emt 0:07:13]} Kf6 {[%emt 0:01:39]} 39. Kf3 {[%emt 0:00:00]} Kf5 {[%emt 0:00:18]} 40. Rc7 {[%emt 0:00:30]} Kf6 {[%emt 0:01:07]} 41. Rc2 {[%emt 0:02:35]} Rh1 {[%emt 0:01:18]} 42. h3 {[%emt 0:00:18]} Rf1+ {[%emt 0:00:45]} 43. Ke2 {[%emt 0:00:11]} Rf4 {[%emt 0:00:54]} 44. Ke3 {[%emt 0:00:27]} Rf5 {[%emt 0:01:06]} 45. Ke4 {[%emt 0:01:35]} Kg5 {[%emt 0:00:38]} 46. Rc7 {[%emt 0:00:17]} Kg6 {[%emt 0:00:25]} 47. Rc6 {[%emt 0:00:48]} Kf6 {[%emt 0:01:48]} 48. Rc2 {[%emt 0:00:00]} g5 {[%emt 0:02:14]} 49. g4 {[%emt 0:00:42]} Rf4+ {[%emt 0:00:16]} 50. Ke3 {[%emt 0:00:37]} Kg6 {[%emt 0:01:09]} 51. Rc6 {[%emt 0:00:43]} Rf6 {[%emt 0:00:24]} 52. Ke4 {[%emt 0:00:16]} h5 {[%emt 0:01:20]} 53. gxh5+ {[%emt 0:00:32]} Kxh5 {[%emt 0:00:18]} 54. Ke5 {[%emt 0:00:21]} Rf5+ {[%emt 0:00:40]} 55. Ke4 {[%emt 0:00:35]} Rf6 {[%emt 0:01:30]} 56. Ke5 {[%emt 0:01:06]} Rf5+ {[%emt 0:00:21]} 57. Ke4 {[%emt 0:00:07]} Rf4+ {[%emt 0:01:15]} 58. Ke3 {[%emt 0:01:35]} Kh4 {[%emt 0:00:29]} 59. Rxe6 {[%emt 0:00:18]} Kxh3 {[%emt 0:00:46]} 60. Rh6+ {[%emt 0:00:20]} Kg4 {[%emt 0:00:22]} 61. Rh1 {[%emt 0:00:05]} Rf5 {[%emt 0:00:37]} 62. Ke4 {[%emt 0:00:41]} Rf7 {[%emt 0:00:23]} 63. Rg1+ {[%emt 0:00:53]} Kh5 {[%emt 0:00:23]} 64. Rh1+ {[%emt 0:02:25]} Kg6 {[%emt 0:00:35]} 65. Rg1 {[%emt 0:00:28]} Rg7 {[%emt 0:00:50]} 66. Kf3 {[%emt 0:00:33]} Kf5 {[%emt 0:00:28]} 67. Ra1 {[%emt 0:00:12]} g4+ {[%emt 0:00:11]} 68. Kg3 {[%emt 0:00:43]} Kg5 {[%emt 0:00:39]} 69. Ra4 {[%emt 0:00:56]} Kh5 {[%emt 0:00:24]} 70. Ra8 {[%emt 0:00:28]} Rg6 {[%emt 0:00:35]} 71. Rh8+ {[%emt 0:00:19]} Kg5 {[%emt 0:00:42]} 72. Ra8 {[%emt 0:00:04]} Kf5 {[%emt 0:00:47]} 73. Ra5+ {[%emt 0:00:17]} Ke4 {[%emt 0:00:30]} 74. Ra4+ {[%emt 0:01:01]} Kf5 {[%emt 0:00:43]} 75. Ra5+ {[%emt 0:00:13]} 1/2-1/2

[Event "White Rook U14 Final 2019"]
[Site "Sochi"]
[Date "2019.06.06"]
[Round "4.25"]
[White "Mertsalov, Roman"]
[Black "Shakhov, Dmitriy"]
[Result "1-0"]
[WhiteElo "1349"]
[BlackElo "1624"]
[Annotator "NA RC"]
[PlyCount "73"]
[EventDate "2019.06.02"]
[EventCountry "RUS"]
[SourceTitle "playchess.com"]
[Source "ChessBase"]
[SourceQuality "1"]
[TimeControl "5400+30"]

1. d4 {[%emt 0:00:00]} d5 {[%emt 0:00:00]} 2. Nf3 {[%emt 0:00:00]} e6 {[%emt 0:00:00]} 3. Bf4 {[%emt 0:00:00]} Nf6 {[%emt 0:00:00]} 4. e3 {[%emt 0:00:00]} c5 {[%emt 0:01:45]} 5. Bb5+ {[%emt 0:00:52]} Bd7 {[%emt 0:01:40]} 6. Bxd7+ {[%emt 0:00:06]} Nbxd7 {[%emt 0:00:10]} 7. O-O {[%emt 0:00:08]} Rc8 {[%emt 0:01:03]} 8. Ne5 {[%emt 0:01:13]} Be7 {[%emt 0:02:47]} 9. Nd2 {[%emt 0:00:54]} cxd4 {[%emt 0:01:37]} 10. exd4 {[%emt 0:00:00]} Qb6 {[%emt 0:00:08]} 11. Nb3 {[%emt 0:00:45]} O-O {[%emt 0:01:17]} 12. c3 {[%emt 0:01:52]} Qa6 {[%emt 0:09:02]} 13. Bg5 {[%emt 0:02:23]} Bd6 {[%emt 0:11:35]} 14. Re1 {[%emt 0:02:09]} Bxe5 {[%emt 0:11:40]} 15. dxe5 {[%emt 0:00:00]} Ne4 {[%emt 0:00:11]} 16. Rxe4 {[%emt 0:01:27]} dxe4 {[%emt 0:06:27]} 17. Qxd7 {[%emt 0:00:28]} Qe2 {[%emt 0:01:35]} 18. Rd1 {[%emt 0:03:43]} h6 {[%emt 0:09:17]} 19. Be7 {[%emt 0:02:10]} Rfe8 {[%emt 0:00:25]} 20. Rf1 {[%emt 0:05:25]} Qxb2 {[%emt 0:01:57]} 21. Qxb7 {[%emt 0:02:13]} Qxa2 {[%emt 0:05:37]} 22. Nc5 {[%emt 0:10:29]} Qa3 {[%emt 0:09:23]} 23. Qd7 {[%emt 0:03:05]} a5 {[%emt 0:01:22]} 24. h3 {[%emt 0:01:17]} Ra8 {[%emt 0:02:50]} 25. Bd6 {[%emt 0:06:33]} Qxc3 {[%emt 0:02:45]} 26. Na4 {[%emt 0:00:45]} Qd4 {[%emt 0:03:15]} 27. Qb5 {[%emt 0:03:20]} Red8 {[%emt 0:06:53]} 28. Nb6 {[%emt 0:14:39]} Ra7 {[%emt 0:00:36]} 29. Nc4 {[%emt 0:12:41]} Rc8 {[%emt 0:03:39]} 30. Nb6 {[%emt 0:05:26]} Rc2 {[%emt 0:02:25]} 31. Nd7 {[%emt 0:08:07]} Qb2 {[%emt 0:01:31]} 32. Qa4 {[%emt 0:04:45]} e3 {[%emt 0:00:25]} 33. Ba3 {[%emt 0:02:12]} Qa2 {[%emt 0:00:59]} 34. Nf6+ {[%emt 0:05:12]} gxf6 {[%emt 0:00:50]} 35. Qg4+ {[%emt 0:01:02]} Kh8 {[%emt 0:01:04]} 36. exf6 {[%emt 0:00:57]} exf2+ {[%emt 0:00:37]} 37. Kh1 {[%emt 0:00:19]} 1-0

[Event "White Rook U14 Final 2019"]
[Site "Sochi"]
[Date "2019.06.06"]
[Round "4.26"]
[White "Bratov, Ademir"]
[Black "Mertsalov, Semen"]
[Result "1-0"]
[WhiteElo "1725"]
[BlackElo "1477"]
[Annotator "NA RC"]
[PlyCount "127"]
[EventDate "2019.06.02"]
[EventCountry "RUS"]
[SourceTitle "playchess.com"]
[Source "ChessBase"]
[SourceQuality "1"]
[TimeControl "5400+30"]

1. e4 {[%emt 0:00:00]} c5 {[%emt 0:00:00]} 2. Nf3 {[%emt 0:00:00]} d6 {[%emt 0:00:00]} 3. c3 {[%emt 0:00:00]} Nf6 {[%emt 0:00:00]} 4. h3 {[%emt 0:00:00]} Nc6 {[%emt 0:02:30]} 5. Bd3 {[%emt 0:00:00]} a6 {[%emt 0:00:23]} 6. O-O {[%emt 0:01:09]} e6 {[%emt 0:00:36]} 7. Bc2 {[%emt 0:00:47]} Be7 {[%emt 0:00:19]} 8. Re1 {[%emt 0:00:48]} O-O {[%emt 0:00:05]} 9. d4 {[%emt 0:02:23]} cxd4 {[%emt 0:01:38]} 10. cxd4 {[%emt 0:00:07]} e5 {[%emt 0:00:31]} 11. d5 {[%emt 0:01:25]} Nb4 {[%emt 0:04:11]} 12. Bb3 {[%emt 0:02:16]} a5 {[%emt 0:00:47]} 13. Nc3 {[%emt 0:02:10]} Na6 {[%emt 0:02:22]} 14. Be3 {[%emt 0:06:59]} Bd7 {[%emt 0:05:14]} 15. Nxe5 {[%emt 0:13:48]} dxe5 {[%emt 0:01:06]} 16. d6 {[%emt 0:00:04]} h6 {[%emt 0:02:08]} 17. dxe7 {[%emt 0:05:30]} Qxe7 {[%emt 0:01:03]} 18. Nd5 {[%emt 0:02:48]} Nxd5 {[%emt 0:01:42]} 19. exd5 {[%emt 0:01:13]} Qd6 {[%emt 0:01:12]} 20. Rc1 {[%emt 0:02:26]} Rfc8 {[%emt 0:00:14]} 21. Qd2 {[%emt 0:00:54]} a4 {[%emt 0:00:31]} 22. Bc2 {[%emt 0:00:52]} Nb4 {[%emt 0:06:17]} 23. Bb1 {[%emt 0:01:34]} Nxd5 {[%emt 0:30:46]} 24. Rxc8+ {[%emt 0:05:12]} Rxc8 {[%emt 0:01:20]} 25. Rd1 {[%emt 0:01:30]} Be6 {[%emt 0:00:11]} 26. Be4 {[%emt 0:02:06]} Rd8 {[%emt 0:00:47]} 27. Qa5 {[%emt 0:00:30]} f5 {[%emt 0:03:03]} 28. Bxd5 {[%emt 0:08:07]} Bxd5 {[%emt 0:00:10]} 29. Bc5 {[%emt 0:00:23]} Qd7 {[%emt 0:01:40]} 30. Bb6 {[%emt 0:00:16]} Rc8 {[%emt 0:01:15]} 31. Qxd5+ {[%emt 0:00:56]} Qxd5 {[%emt 0:00:35]} 32. Rxd5 {[%emt 0:00:03]} Rc2 {[%emt 0:00:00]} 33. Rb5 {[%emt 0:00:29]} g6 {[%emt 0:00:10]} 34. Kf1 {[%emt 0:00:36]} e4 {[%emt 0:00:15]} 35. Ke1 {[%emt 0:00:09]} Rc1+ {[%emt 0:02:56]} 36. Kd2 {[%emt 0:00:39]} Rh1 {[%emt 0:00:44]} 37. Be3 {[%emt 0:00:12]} Rh2 {[%emt 0:00:01]} 38. g3 {[%emt 0:02:27]} Rxh3 {[%emt 0:01:32]} 39. Rxb7 {[%emt 0:00:13]} Rh1 {[%emt 0:01:07]} 40. Rb4 {[%emt 0:00:16]} h5 {[%emt 0:00:04]} 41. Rxa4 {[%emt 0:00:15]} h4 {[%emt 0:00:03]} 42. gxh4 {[%emt 0:00:02]} Rxh4 {[%emt 0:00:03]} 43. Ke2 {[%emt 0:01:20]} Rg4 {[%emt 0:00:40]} 44. Rd4 {[%emt 0:01:09]} Kf7 {[%emt 0:00:17]} 45. b4 {[%emt 0:00:26]} Ke6 {[%emt 0:00:23]} 46. b5 {[%emt 0:00:11]} Rh4 {[%emt 0:00:51]} 47. b6 {[%emt 0:00:39]} Rh8 {[%emt 0:00:00]} 48. Bf4 {[%emt 0:00:08]} Rh7 {[%emt 0:00:06]} 49. Bc7 {[%emt 0:00:08]} Rh1 {[%emt 0:00:55]} 50. b7 {[%emt 0:00:13]} Ra1 {[%emt 0:00:05]} 51. b8=Q {[%emt 0:00:13]} Rxa2+ {[%emt 0:00:04]} 52. Rd2 {[%emt 0:00:36]} Ra3 {[%emt 0:00:55]} 53. Qg8+ {[%emt 0:00:11]} Kf6 {[%emt 0:00:20]} 54. Bd8+ {[%emt 0:00:00]} Ke5 {[%emt 0:00:16]} 55. Rd5+ {[%emt 0:00:04]} Kf4 {[%emt 0:00:12]} 56. Bc7+ {[%emt 0:00:07]} Kg5 {[%emt 0:00:04]} 57. Qd8+ {[%emt 0:00:24]} Kg4 {[%emt 0:00:07]} 58. Bg3 {[%emt 0:01:15]} Ra2+ {[%emt 0:00:00]} 59. Rd2 {[%emt 0:00:00]} Rxd2+ {[%emt 0:00:00]} 60. Qxd2 {[%emt 0:00:01]} g5 {[%emt 0:00:06]} 61. Qd7 {[%emt 0:01:10]} Kh3 {[%emt 0:00:32]} 62. Qxf5+ {[%emt 0:00:07]} g4 {[%emt 0:00:31]} 63. Qh5+ {[%emt 0:00:00]} Kg2 {[%emt 0:00:14]} 64. Qh2# {[%emt 0:00:00]} 1-0

[Event "White Rook U14 Final 2019"]
[Site "Sochi"]
[Date "2019.06.06"]
[Round "4.27"]
[White "Moshkin, Aleksandr"]
[Black "Druchenko, Mikhail"]
[Result "0-1"]
[WhiteElo "1462"]
[BlackElo "1774"]
[Annotator "NA RC"]
[PlyCount "144"]
[EventDate "2019.06.02"]
[EventCountry "RUS"]
[SourceTitle "playchess.com"]
[Source "ChessBase"]
[SourceQuality "1"]
[TimeControl "5400+30"]

1. e4 {[%emt 0:00:00]} e5 {[%emt 0:00:07]} 2. Nf3 {[%emt 0:00:08]} Nc6 {[%emt 0:00:00]} 3. g3 {[%emt 0:00:08]} Nf6 {[%emt 0:03:29]} 4. d3 {[%emt 0:00:16]} d5 {[%emt 0:03:27]} 5. Nbd2 {[%emt 0:00:08]} Be6 {[%emt 0:02:09]} 6. Bg2 {[%emt 0:00:08]} Bc5 {[%emt 0:02:40]} 7. O-O {[%emt 0:00:24]} O-O {[%emt 0:01:36]} 8. c3 {[%emt 0:00:49]} a5 {[%emt 0:02:40]} 9. Qe2 {[%emt 0:02:16]} dxe4 {[%emt 0:03:53]} 10. dxe4 {[%emt 0:00:24]} Qe7 {[%emt 0:05:04]} 11. h3 {[%emt 0:01:12]} h6 {[%emt 0:03:05]} 12. Nh4 {[%emt 0:00:39]} Qd7 {[%emt 0:04:19]} 13. Kh2 {[%emt 0:03:14]} g5 {[%emt 0:02:08]} 14. Nhf3 {[%emt 0:02:42]} Kh7 {[%emt 0:06:04]} 15. Nc4 {[%emt 0:04:27]} Bd6 {[%emt 0:04:05]} 16. Nxd6 {[%emt 0:03:49]} cxd6 {[%emt 0:00:24]} 17. Nxg5+ {[%emt 0:00:32]} hxg5 {[%emt 0:05:52]} 18. Bxg5 {[%emt 0:00:08]} Ng8 {[%emt 0:01:26]} 19. Qh5+ {[%emt 0:02:29]} Kg7 {[%emt 0:00:08]} 20. Be3 {[%emt 0:06:41]} f6 {[%emt 0:01:42]} 21. f4 {[%emt 0:02:13]} Qf7 {[%emt 0:03:31]} 22. Qh4 {[%emt 0:01:56]} Rfc8 {[%emt 0:01:22]} 23. f5 {[%emt 0:01:32]} Bxa2 {[%emt 0:01:00]} 24. Bf3 {[%emt 0:02:57]} Bb3 {[%emt 0:06:03]} 25. Bh5 {[%emt 0:00:29]} Qe7 {[%emt 0:01:29]} 26. g4 {[%emt 0:04:04]} Bf7 {[%emt 0:07:01]} 27. g5 {[%emt 0:01:21]} Bxh5 {[%emt 0:01:29]} 28. Qxh5 {[%emt 0:02:04]} Qf7 {[%emt 0:02:11]} 29. Qh4 {[%emt 0:02:41]} fxg5 {[%emt 0:02:53]} 30. Bxg5 {[%emt 0:00:14]} Kf8 {[%emt 0:05:53]} 31. Rad1 {[%emt 0:01:58]} Rd8 {[%emt 0:00:28]} 32. Bxd8 {[%emt 0:02:31]} Rxd8 {[%emt 0:03:29]} 33. f6 {[%emt 0:00:00]} Rd7 {[%emt 0:04:44]} 34. Rd5 {[%emt 0:01:14]} a4 {[%emt 0:05:46]} 35. Qf2 {[%emt 0:00:56]} Qe6 {[%emt 0:04:07]} 36. Rd3 {[%emt 0:00:42]} Rf7 {[%emt 0:01:46]} 37. Rf3 {[%emt 0:03:03]} Qc4 {[%emt 0:00:30]} 38. Qe3 {[%emt 0:00:20]} Qb3 {[%emt 0:00:30]} 39. R1f2 {[%emt 0:01:12]} Qe6 {[%emt 0:00:30]} 40. Qg5 {[%emt 0:00:21]} Nb8 {[%emt 0:00:30]} 41. Qg4 {[%emt 0:00:49]} Qc4 {[%emt 0:00:30]} 42. h4 {[%emt 0:02:17]} Nd7 {[%emt 0:00:30]} 43. Rd2 {[%emt 0:00:16]} Ndxf6 {[%emt 0:00:30]} 44. Qf5 {[%emt 0:01:04]} Nxe4 {[%emt 0:00:30]} 45. Qxf7+ {[%emt 0:01:11]} Qxf7 {[%emt 0:00:30]} 46. Rxf7+ {[%emt 0:00:06]} Kxf7 {[%emt 0:00:17]} 47. Rd5 {[%emt 0:00:03]} Ngf6 {[%emt 0:00:22]} 48. Rb5 {[%emt 0:00:13]} Nc5 {[%emt 0:00:11]} 49. Kg3 {[%emt 0:00:06]} Kg6 {[%emt 0:00:15]} 50. Rb6 {[%emt 0:00:11]} Kh5 {[%emt 0:00:21]} 51. Kh3 {[%emt 0:00:21]} Nfe4 {[%emt 0:00:19]} 52. Rb5 {[%emt 0:00:08]} Nd2 {[%emt 0:00:23]} 53. Ra5 {[%emt 0:00:23]} Nc4 {[%emt 0:00:14]} 54. Ra8 {[%emt 0:00:18]} Nxb2 {[%emt 0:00:18]} 55. Rh8+ {[%emt 0:00:05]} Kg6 {[%emt 0:00:13]} 56. Kg4 {[%emt 0:00:00]} a3 {[%emt 0:00:24]} 57. Rf8 {[%emt 0:00:14]} Ne6 {[%emt 0:01:02]} 58. Ra8 {[%emt 0:00:32]} Nc4 {[%emt 0:00:46]} 59. h5+ {[%emt 0:00:23]} Kh7 {[%emt 0:00:04]} 60. Ra7 {[%emt 0:00:30]} Nc5 {[%emt 0:00:56]} 61. Kg5 {[%emt 0:00:21]} e4 {[%emt 0:01:11]} 62. Kf4 {[%emt 0:00:48]} e3 {[%emt 0:00:28]} 63. Ra8 {[%emt 0:00:46]} e2 {[%emt 0:00:14]} 64. Re8 {[%emt 0:00:25]} Ne5 {[%emt 0:00:42]} 65. Kg5 {[%emt 0:00:12]} e1=Q {[%emt 0:00:12]} 66. Re7+ {[%emt 0:00:24]} Kg8 {[%emt 0:00:16]} 67. Rg7+ {[%emt 0:00:35]} Kxg7 {[%emt 0:00:03]} 68. h6+ {[%emt 0:00:38]} Kf7 {[%emt 0:00:10]} 69. h7 {[%emt 0:00:10]} Qg3+ {[%emt 0:00:13]} 70. Kh5 {[%emt 0:00:04]} Qh2+ {[%emt 0:00:03]} 71. Kg5 {[%emt 0:00:15]} Ne6+ {[%emt 0:00:12]} 72. Kf5 {[%emt 0:00:09]} Qf4# {[%emt 0:00:05]} 0-1

[Event "White Rook U14 Final 2019"]
[Site "Sochi"]
[Date "2019.06.06"]
[Round "4.28"]
[White "Kuskova, Ruslana"]
[Black "Shirokova, Sofiya"]
[Result "0-1"]
[WhiteElo "1177"]
[BlackElo "1539"]
[Annotator "NA RC"]
[PlyCount "90"]
[EventDate "2019.06.02"]
[EventCountry "RUS"]
[SourceTitle "playchess.com"]
[Source "ChessBase"]
[SourceQuality "1"]
[TimeControl "5400+30"]

1. e4 {[%emt 0:00:00]} c5 {[%emt 0:00:07]} 2. Nf3 {[%emt 0:00:08]} d6 {[%emt 0:00:08]} 3. c3 {[%emt 0:00:00]} Nf6 {[%emt 0:00:08]} 4. h3 {[%emt 0:00:16]} Nc6 {[%emt 0:00:17]} 5. Bd3 {[%emt 0:00:16]} g6 {[%emt 0:00:32]} 6. Bc2 {[%emt 0:00:08]} Bg7 {[%emt 0:04:00]} 7. O-O {[%emt 0:00:56]} O-O {[%emt 0:01:19]} 8. d4 {[%emt 0:01:53]} cxd4 {[%emt 0:00:16]} 9. cxd4 {[%emt 0:00:16]} Nb4 {[%emt 0:01:28]} 10. Bb3 {[%emt 0:00:24]} a5 {[%emt 0:03:13]} 11. a3 {[%emt 0:01:28]} Na6 {[%emt 0:00:16]} 12. Nc3 {[%emt 0:02:40]} Nd7 {[%emt 0:03:30]} 13. Be3 {[%emt 0:03:12]} e5 {[%emt 0:02:16]} 14. Rc1 {[%emt 0:07:37]} b6 {[%emt 0:03:54]} 15. Re1 {[%emt 0:03:54]} Bb7 {[%emt 0:02:25]} 16. Bg5 {[%emt 0:01:36]} Bf6 {[%emt 0:01:13]} 17. Bxf6 {[%emt 0:00:57]} Qxf6 {[%emt 0:00:24]} 18. Bd5 {[%emt 0:01:22]} Rab8 {[%emt 0:06:51]} 19. Bxb7 {[%emt 0:01:42]} Rxb7 {[%emt 0:00:47]} 20. Nd5 {[%emt 0:00:48]} Qd8 {[%emt 0:00:39]} 21. Qd2 {[%emt 0:03:41]} Re8 {[%emt 0:07:03]} 22. Rc2 {[%emt 0:06:57]} Nf6 {[%emt 0:01:18]} 23. dxe5 {[%emt 0:01:59]} dxe5 {[%emt 0:00:38]} 24. Nxf6+ {[%emt 0:01:03]} Qxf6 {[%emt 0:03:16]} 25. Rec1 {[%emt 0:01:26]} Nc5 {[%emt 0:00:32]} 26. Qe3 {[%emt 0:01:16]} a4 {[%emt 0:03:54]} 27. Nd2 {[%emt 0:01:29]} Rd8 {[%emt 0:03:12]} 28. Rc3 {[%emt 0:03:56]} Rd4 {[%emt 0:01:44]} 29. b4 {[%emt 0:01:14]} axb3 {[%emt 0:00:51]} 30. Nxb3 {[%emt 0:00:15]} Rxe4 {[%emt 0:03:20]} 31. Qd2 {[%emt 0:03:50]} Nxb3 {[%emt 0:00:59]} 32. Rxb3 {[%emt 0:00:07]} Rd4 {[%emt 0:00:22]} 33. Qc2 {[%emt 0:03:41]} Rbd7 {[%emt 0:00:29]} 34. Rf3 {[%emt 0:17:46]} Qd6 {[%emt 0:00:27]} 35. Rb3 {[%emt 0:08:41]} e4 {[%emt 0:01:22]} 36. g3 {[%emt 0:01:29]} Rd3 {[%emt 0:03:35]} 37. Re1 {[%emt 0:04:40]} Qd5 {[%emt 0:09:34]} 38. Rbb1 {[%emt 0:01:24]} b5 {[%emt 0:01:07]} 39. Rbc1 {[%emt 0:02:01]} Qd4 {[%emt 0:03:37]} 40. Kh2 {[%emt 0:00:42]} Rd2 {[%emt 0:01:36]} 41. Qc5 {[%emt 0:00:30]} Rxf2+ {[%emt 0:03:57]} 42. Kh1 {[%emt 0:04:27]} Qd2 {[%emt 0:00:17]} 43. Qc8+ {[%emt 0:00:30]} Rd8 {[%emt 0:02:45]} 44. Re2 {[%emt 0:00:05]} Rxe2 {[%emt 0:00:32]} 45. Kg1 {[%emt 0:00:23]} Rf2 {[%emt 0:01:32]} 0-1